[Event "SVK-chT 1920"]
[Site "Slovakia"]
[Date "2019.11.23"]
[Round "3.4"]
[White "Zpevak, Pavel"]
[Black "Csiba, Dominik"]
[Result "1-0"]
[WhiteElo "2341"]
[BlackElo "2360"]
[PlyCount "86"]
[EventDate "2019.10.19"]
[EventType "team-tourn"]
[EventRounds "11"]
[EventCountry "SVK"]
[SourceTitle "CBM 193 Extra"]
[Source "ChessBase"]
[SourceDate "2020.01.31"]
[SourceVersion "1"]
[SourceVersionDate "2020.01.31"]
[SourceQuality "1"]
[WhiteTeam "Dubnica nad Vahom"]
[BlackTeam "Dunajska Streda"]
[WhiteTeamCountry "SVK"]
[BlackTeamCountry "SVK"]

1. d4 Nf6 2. c4 c5 3. d5 b5 4. cxb5 a6 5. bxa6 g6 6. Nc3 Bxa6 7. Nf3 Bg7 8. e4 Bxf1 9. Kxf1 d6 10. g3 0-0 11. Kg2 Nbd7 12. Qe2 Qa5 13. h3 Rfb8 14. Rd1 Ne8 15. Bg5 Rb7 16. Rac1 Bxc3 17. bxc3 f6 18. Bh6 Qxa2 19. Qe1 Rab8 20. h4 Kf7 21. Qe3 Rb2 22. Ra1 Qc4 23. Nd2 Qb5 24. Rdb1 Rb6 25. Qf4 Rxb1 26. Rxb1 Qd3 27. Rxb6 Nxb6 28. Qf3 Qc2 29. h5 Nc7 30. Bf4 Nb5 31. hxg6+ hxg6 32. Qg4 Qxc3 33. Qe6+ Ke8 34. Qg8+ Kd7 35. Qe6+ Kd8 36. Qg8+ Kc7 37. Qe8 Nd7 38. Qxe7 g5 39. Be3 Nd4 40. e5 Nf5 41. exd6+ Kb6 42. Qd8+ Ka6 43. Qc8+ Ka5 1-0

[Event "SVK-chT 1617"]
[Site "Slovakia"]
[Date "2017.02.18"]
[Round "7.5"]
[White "Bombek, Peter"]
[Black "Csiba, Dominik"]
[Result "1/2-1/2"]
[WhiteElo "2196"]
[BlackElo "2363"]
[PlyCount "88"]
[EventDate "2016.10.22"]
[EventType "team-tourn"]
[EventRounds "11"]
[EventCountry "SVK"]
[SourceTitle "CBM 177 Extra"]
[Source "ChessBase"]
[SourceDate "2017.04.27"]
[SourceVersion "1"]
[SourceVersionDate "2017.04.27"]
[SourceQuality "1"]
[WhiteTeam "Dubnica nad Vahom"]
[BlackTeam "Dunajska Streda"]
[WhiteTeamCountry "SVK"]
[BlackTeamCountry "SVK"]

1. d4 Nf6 2. Nf3 c5 3. c3 b6 4. e3 Bb7 5. Nbd2 e6 6. Bd3 Be7 7. 0-0 0-0 8. Qe2 Nc6 9. a3 d5 10. Rd1 Qc7 11. dxc5 bxc5 12. e4 Bd6 13. Re1 Bf4 14. Bc2 a5 15. Nb3 Nxe4 16. Bxf4 Qxf4 17. Bxe4 dxe4 18. Nfd2 f5 19. Nxc5 Bc8 20. Nc4 Qc7 21. b4 Ne7 22. f3 Nd5 23. fxe4 Nxc3 24. Qc2 axb4 25. axb4 Rxa1 26. Rxa1 Nxe4 27. Nxe4 fxe4 28. Ne3 Qe5 29. Rf1 Rxf1+ 30. Nxf1 Qd4+ 31. Kh1 Bb7 32. Qc5 Qd3 33. Kg1 h6 34. b5 Qe2 35. h3 Qd1 36. Qe5 Qd5 37. Qxd5 exd5 38. Nd2 d4 39. Nb3 d3 40. Kf2 Bd5 41. b6 Kf7 42. Na5 d2 43. Ke2 e3 44. b7 Bxg2 1/2-1/2

[Event "HUN-chT2 Charousek 1314"]
[Site "Hungary"]
[Date "2014.02.16"]
[Round "7"]
[White "Csiba, Dominik"]
[Black "Vertetics, Attila"]
[Result "0-1"]
[WhiteElo "2378"]
[BlackElo "2402"]
[PlyCount "56"]
[EventDate "2013.09.08"]
[EventType "team-tourn"]
[EventRounds "11"]
[EventCountry "HUN"]
[SourceTitle "EXT 2016"]
[Source "ChessBase"]
[SourceDate "2015.10.08"]
[SourceVersion "1"]
[SourceVersionDate "2015.10.08"]
[SourceQuality "1"]
[WhiteTeam "Geniusz Tata"]
[BlackTeam "Gyor Elektromos"]
[WhiteTeamCountry "HUN"]
[BlackTeamCountry "HUN"]

1. e4 c6 2. d4 d5 3. f3 g6 4. Nc3 Bg7 5. Be3 Qb6 6. Qd2 Qxb2 7. Rb1 Qa3 8. h4 h5 9. Nh3 dxe4 10. fxe4 Nd7 11. Ng5 Nb6 12. Bd3 e5 13. d5 Nf6 14. 0-0 0-0 15. Kh1 Ng4 16. Bg1 Bh6 17. Rb3 Qe7 18. Qe1 Bxg5 19. hxg5 Qxg5 20. Bc5 Re8 21. Bxb6 axb6 22. dxc6 Ne3 23. Rg1 bxc6 24. Rxb6 Re6 25. a4 Rf6 26. Ne2 Ng4 27. g3 Nf2+ 28. Kg2 Qg4 0-1

[Event "SVK-chT2A 1314"]
[Site "Slovakia"]
[Date "2014.02.01"]
[Round "7.2"]
[White "Csiba, Dominik"]
[Black "Petrik, Stanislav"]
[Result "1-0"]
[WhiteElo "2373"]
[BlackElo "2175"]
[PlyCount "55"]
[EventDate "2013.10.19"]
[EventType "team-tourn"]
[EventRounds "11"]
[EventCountry "SVK"]
[SourceTitle "EXT 2015"]
[Source "ChessBase"]
[SourceDate "2014.11.20"]
[SourceVersion "1"]
[SourceVersionDate "2014.11.20"]
[SourceQuality "1"]
[WhiteTeam "Dunajska Streda II"]
[BlackTeam "Bratislava Doprastav III"]
[WhiteTeamCountry "SVK"]
[BlackTeamCountry "SVK"]

1. e4 c5 2. Nf3 Nc6 3. Bb5 g6 4. 0-0 Bg7 5. c3 Qb6 6. Bxc6 Qxc6 7. Re1 c4 8. b3 b5 9. a4 Ba6 10. axb5 Bxb5 11. e5 cxb3 12. Nd4 Qb6 13. Qxb3 Bc6 14. Qc4 Bb7 15. Na3 Rc8 16. Qe2 Kf8 17. Nc4 Qc7 18. Rxa7 Qb8 19. Ra4 Qc7 20. Ba3 Bd5 21. Nd6 Ra8 22. Rxa8+ Bxa8 23. Qa6 Qd8 24. Nc8 Bd5 25. Nxe7 Nxe7 26. Qd6 Be6 27. Nc6 Qa8 28. Rb1 1-0

[Event "SVK-chT 1314"]
[Site "Slovakia"]
[Date "2014.01.26"]
[Round "6.7"]
[White "Najgebauer, Szemjon"]
[Black "Csiba, Dominik"]
[Result "1/2-1/2"]
[WhiteElo "2205"]
[BlackElo "2373"]
[PlyCount "104"]
[EventDate "2013.11.09"]
[EventType "team-tourn"]
[EventRounds "11"]
[EventCountry "SVK"]
[SourceTitle "EXT 2015"]
[Source "ChessBase"]
[SourceDate "2014.11.20"]
[SourceVersion "1"]
[SourceVersionDate "2014.11.20"]
[SourceQuality "1"]
[WhiteTeam "Kosice Slavia UPJS"]
[BlackTeam "Dunajska Streda"]
[WhiteTeamCountry "SVK"]
[BlackTeamCountry "SVK"]

1. Nf3 Nf6 2. c4 g6 3. Nc3 d5 4. cxd5 Nxd5 5. Qa4+ Nc6 6. Ne5 Qd6 7. Nxc6 Qxc6 8. Qd4 Nf6 9. e4 a6 10. e5 Nd7 11. Qd5 Qb6 12. d4 Bg7 13. Qc4 c5 14. Bd2 0-0 15. dxc5 Qxc5 16. Qxc5 Nxc5 17. Be3 Ne6 18. f4 b5 19. Be2 Bb7 20. 0-0 f6 21. exf6 Bxf6 22. Rad1 Rad8 23. Rxd8 Rxd8 24. Rd1 Nd4 25. Kf2 e5 26. fxe5 Bxe5 27. Bf3 Bxf3 28. gxf3 Nc6 29. Rxd8+ Nxd8 30. f4 Bf6 31. Nd5 Bxb2 32. Nc7 Kf7 33. Nxa6 Ne6 34. Kf3 Ke7 35. Nc5 Nd4+ 36. Ke4 Nf5 37. Nd3 Bc3 38. Bc5+ Ke6 39. Bb4 Nd6+ 40. Kf3 Bg7 41. a4 bxa4 42. Nc5+ Kd5 43. Nxa4 Nf5 44. Bc3 Nd4+ 45. Kg4 Bf6 46. Nb6+ Ke4 47. Nd7 h5+ 48. Kh3 Bg7 49. Bxd4 Kxd4 50. Kh4 Bh6 51. Ne5 Bxf4 52. Nxg6 Bxh2 1/2-1/2

[Event "HUN-chT2 Charousek 1314"]
[Site "Hungary"]
[Date "2013.11.03"]
[Round "4"]
[White "Borocz, Istvan"]
[Black "Csiba, Dominik"]
[Result "0-1"]
[WhiteElo "2398"]
[BlackElo "2378"]
[PlyCount "64"]
[EventDate "2013.09.08"]
[EventType "team-tourn"]
[EventRounds "11"]
[EventCountry "HUN"]
[SourceTitle "EXT 2016"]
[Source "ChessBase"]
[SourceDate "2015.10.08"]
[SourceVersion "1"]
[SourceVersionDate "2015.10.08"]
[SourceQuality "1"]
[WhiteTeam "Budapest HUSI"]
[BlackTeam "Geniusz Tata"]
[WhiteTeamCountry "HUN"]
[BlackTeamCountry "HUN"]

1. d4 Nf6 2. c4 g6 3. Nc3 d5 4. cxd5 Nxd5 5. e4 Nxc3 6. bxc3 Bg7 7. Be3 c5 8. Rc1 Qa5 9. Qd2 0-0 10. Nf3 Bg4 11. d5 f5 12. exf5 Bxf3 13. gxf3 Rxf5 14. Bh3 Rf8 15. Be6+ Kh8 16. h4 Na6 17. h5 g5 18. h6 Bf6 19. Bxg5 Nc7 20. f4 Nxe6 21. dxe6 Rad8 22. Qe2 Bxc3+ 23. Rxc3 Qxc3+ 24. Kf1 Rg8 25. Kg2 Rd2 26. Qe4 Qf6 27. Qe3 Rd6 28. Re1 Qxh6 29. Qe5+ Qf6 30. Qxc5 Qxf4 31. Re5 Rxe6 32. Rf5 Rxg5+ 0-1

[Event "HUN-chT2 Charousek 1314"]
[Site "Hungary"]
[Date "2013.09.22"]
[Round "2"]
[White "Gyorkos, Lajos"]
[Black "Csiba, Dominik"]
[Result "1-0"]
[WhiteElo "2362"]
[BlackElo "2378"]
[PlyCount "125"]
[EventDate "2013.09.08"]
[EventType "team-tourn"]
[EventRounds "11"]
[EventCountry "HUN"]
[SourceTitle "EXT 2016"]
[Source "ChessBase"]
[SourceDate "2015.10.08"]
[SourceVersion "1"]
[SourceVersionDate "2015.10.08"]
[SourceQuality "1"]
[WhiteTeam "Paks ASE II"]
[BlackTeam "Geniusz Tata"]
[WhiteTeamCountry "HUN"]
[BlackTeamCountry "HUN"]

1. Nf3 Nf6 2. g3 g6 3. Bg2 Bg7 4. 0-0 0-0 5. d4 d5 6. Nbd2 Na6 7. b3 c5 8. Bb2 Ne4 9. e3 Bf5 10. Nh4 Nxd2 11. Qxd2 Bg4 12. c4 cxd4 13. exd4 Nc7 14. Rac1 Qd7 15. Rfe1 Rad8 16. c5 Rfe8 17. f3 Be6 18. Bf1 f6 19. c6 bxc6 20. Qc3 Rc8 21. Qxc6 Qxc6 22. Rxc6 Bd7 23. Rc5 g5 24. Ng2 f5 25. Ne3 e6 26. Rec1 Na8 27. Ba6 Rb8 28. Nd1 Rb4 29. Nf2 Bxd4 30. Bxd4 Rxd4 31. Bb7 Kf7 32. Ra5 Ke7 33. Rxa7 Nb6 34. a4 Kd6 35. a5 Nc8 36. Ra8 Ne7 37. Ra6+ Ke5 38. Rb6 Rd2 39. a6 Ra2 40. Nd3+ Kf6 41. Nc5 Bc8 42. Re1 d4 43. Nxe6 Bxe6 44. Rbxe6+ Kf7 45. Rd6 f4 46. Rxd4 Nf5 47. Rd7+ Kf8 48. Rxe8+ Kxe8 49. Bc6 Rxa6 50. Bb5 Rf6 51. Rd5+ Ke7 52. Bd3 Ne3 53. Rxg5 Rd6 54. Bxh7 Rd1+ 55. Kf2 Rd2+ 56. Ke1 Rxh2 57. gxf4 Ng2+ 58. Kf2 Nxf4+ 59. Kg3 Rxh7 60. Kxf4 Kf6 61. Rb5 Rh4+ 62. Ke3 Rh1 63. Ke4 1-0

[Event "HUN-chT2 Charousek 1213"]
[Site "Hungary"]
[Date "2013.04.21"]
[Round "11"]
[White "Bodo, Norbert"]
[Black "Csiba, Dominik"]
[Result "1/2-1/2"]
[WhiteElo "2435"]
[BlackElo "2376"]
[PlyCount "40"]
[EventDate "2012.09.16"]
[EventType "team-tourn"]
[EventRounds "11"]
[EventCountry "HUN"]
[SourceTitle "EXT 2014"]
[Source "ChessBase"]
[SourceDate "2013.11.20"]
[SourceVersion "1"]
[SourceVersionDate "2013.11.20"]
[SourceQuality "1"]
[WhiteTeam "Aquaprofit II"]
[BlackTeam "Geniusz Tata"]
[WhiteTeamCountry "HUN"]
[BlackTeamCountry "HUN"]

1. c4 Nf6 2. Nc3 d5 3. cxd5 Nxd5 4. Nf3 g6 5. Qa4+ Bd7 6. Qh4 Nxc3 7. dxc3 Nc6 8. Bh6 e5 9. Bg5 Be7 10. Bxe7 Qxe7 11. Qxe7+ Kxe7 12. e4 f6 13. 0-0-0 Rad8 14. Bc4 Be6 15. Bxe6 Kxe6 16. Rhe1 Rxd1+ 17. Rxd1 Rd8 18. Rxd8 Nxd8 19. Kd2 Nf7 20. Kd3 Nd6 1/2-1/2

[Event "SVK-chT 1213"]
[Site "Slovakia"]
[Date "2013.03.03"]
[Round "11.5"]
[White "Csiba, Dominik"]
[Black "Klemanic, Emil"]
[Result "1-0"]
[WhiteElo "2376"]
[BlackElo "2209"]
[PlyCount "45"]
[EventDate "2012.10.27"]
[EventType "team-tourn"]
[EventRounds "11"]
[EventCountry "SVK"]
[SourceTitle "EXT 2014"]
[Source "ChessBase"]
[SourceDate "2013.11.20"]
[SourceVersion "1"]
[SourceVersionDate "2013.11.20"]
[SourceQuality "1"]
[WhiteTeam "Dunajska Streda"]
[BlackTeam "Kosice"]
[WhiteTeamCountry "SVK"]
[BlackTeamCountry "SVK"]

1. e4 d6 2. d4 Nf6 3. Nc3 e5 4. Nf3 Nbd7 5. g4 Nxg4 6. Rg1 Ngf6 7. Bc4 h6 8. Be3 g6 9. dxe5 dxe5 10. Bxf7+ Kxf7 11. Nxe5+ Ke8 12. Nxg6 Rg8 13. f4 Nb6 14. Qe2 Qd7 15. f5 Bb4 16. Bd2 Qf7 17. Qb5+ c6 18. Qxb4 Nfd5 19. exd5 Bxf5 20. 0-0-0 Rxg6 21. Rge1+ Kd7 22. dxc6+ Kxc6 23. Qb5+ 1-0

[Event "HUN-chT2 Charousek 1213"]
[Site "Hungary"]
[Date "2013.02.17"]
[Round "7"]
[White "Szekeres, Robert"]
[Black "Csiba, Dominik"]
[Result "1/2-1/2"]
[WhiteElo "2337"]
[BlackElo "2376"]
[PlyCount "161"]
[EventDate "2012.09.16"]
[EventType "team-tourn"]
[EventRounds "11"]
[EventCountry "HUN"]
[SourceTitle "EXT 2014"]
[Source "ChessBase"]
[SourceDate "2013.11.20"]
[SourceVersion "1"]
[SourceVersionDate "2013.11.20"]
[SourceQuality "1"]
[WhiteTeam "MLTC II"]
[BlackTeam "Geniusz Tata"]
[WhiteTeamCountry "HUN"]
[BlackTeamCountry "HUN"]

1. d4 Nf6 2. Nf3 g6 3. c4 Bg7 4. Nc3 d5 5. cxd5 Nxd5 6. e4 Nxc3 7. bxc3 c5 8. Rb1 0-0 9. Be2 b6 10. 0-0 Bb7 11. Qc2 cxd4 12. cxd4 Qc8 13. Qd3 Ba6 14. Qe3 Bxe2 15. Qxe2 Qa6 16. Rb5 Rc8 17. e5 Qa4 18. e6 f5 19. Bg5 Qc4 20. Qxc4 Rxc4 21. d5 Kf8 22. g3 Na6 23. d6 exd6 24. Rd5 Re8 25. Rxd6 Nc5 26. Re1 Rc3 27. Nd2 h6 28. Be3 Nd3 29. Rd1 Ne5 30. Bd4 Rc2 31. f4 Rxd2 32. Rxd2 Nf3+ 33. Kf2 Nxd4 34. R2xd4 Bxd4+ 35. Rxd4 Rxe6 36. Rd7 Re7 37. Rd6 Kf7 38. Rc6 Rb7 39. Ke3 Rd7 40. Ke2 b5 41. Ra6 h5 42. Ra5 Rb7 43. Kd3 h4 44. gxh4 Rd7+ 45. Ke3 Re7+ 46. Kf3 Rb7 47. Kg3 b4 48. h5 gxh5 49. Rxf5+ Kg6 50. Rg5+ Kf6 51. Rxh5 Rg7+ 52. Kf3 Rg1 53. Ra5 Rf1+ 54. Ke4 Re1+ 55. Kd3 Rf1 56. Ra6+ Kf5 57. Rxa7 Rf3+ 58. Kc4 Rxf4+ 59. Kd5 Rh4 60. Rf7+ Kg6 61. Rf2 Kg5 62. Ke5 Kg6 63. Kd5 Kg7 64. Kc5 Kg8 65. h3 Kg7 66. Rf3 Kg8 67. Kb5 Kg7 68. Rb3 Kf8 69. Rxb4 Rxh3 70. Re4 Ra3 71. Re2 Kf7 72. Kb4 Ra7 73. a4 Re7 74. Rd2 Ke8 75. a5 Rd7 76. Rh2 Kd8 77. Kc5 Kc7 78. a6 Rf7 79. Rh5 Kb8 80. Rh6 Ka7 81. Kb5 1/2-1/2

[Event "HUN-chT2 Charousek 1213"]
[Site "Hungary"]
[Date "2013.01.27"]
[Round "6"]
[White "Csiba, Dominik"]
[Black "Fancsy, Imre"]
[Result "1/2-1/2"]
[WhiteElo "2376"]
[BlackElo "2384"]
[PlyCount "58"]
[EventDate "2012.09.16"]
[EventType "team-tourn"]
[EventRounds "11"]
[EventCountry "HUN"]
[SourceTitle "EXT 2014"]
[Source "ChessBase"]
[SourceDate "2013.11.20"]
[SourceVersion "1"]
[SourceVersionDate "2013.11.20"]
[SourceQuality "1"]
[WhiteTeam "Geniusz Tata"]
[BlackTeam "Balatonfuered"]
[WhiteTeamCountry "HUN"]
[BlackTeamCountry "HUN"]

1. e4 c5 2. Nf3 e6 3. d4 cxd4 4. Nxd4 a6 5. Nc3 Qc7 6. Bd3 Nc6 7. Nxc6 dxc6 8. f4 e5 9. 0-0 Nf6 10. Kh1 Bc5 11. a4 Ng4 12. Qf3 Qe7 13. Qg3 exf4 14. Bxf4 g5 15. Bc7 h5 16. h4 gxh4 17. Qf4 Rh6 18. e5 Qxc7 19. Rae1 Be6 20. Ne4 Be7 21. Nd6+ Bxd6 22. exd6 Qd7 23. Bf5 Rf6 24. Bxe6 fxe6 25. Qg5 Qxd6 26. Qxh5+ Ke7 27. Qxg4 Raf8 28. Qxh4 Qd2 29. Kg1 c5 1/2-1/2

[Event "SVK-chT 1213"]
[Site "Slovakia"]
[Date "2013.01.20"]
[Round "6.6"]
[White "Stohl, Igor"]
[Black "Csiba, Dominik"]
[Result "1/2-1/2"]
[WhiteElo "2518"]
[BlackElo "2376"]
[PlyCount "207"]
[EventDate "2012.10.27"]
[EventType "team-tourn"]
[EventRounds "11"]
[EventCountry "SVK"]
[SourceTitle "EXT 2014"]
[Source "ChessBase"]
[SourceDate "2013.11.20"]
[SourceVersion "1"]
[SourceVersionDate "2013.11.20"]
[SourceQuality "1"]
[WhiteTeam "Bratislava Slovan"]
[BlackTeam "Dunajska Streda"]
[WhiteTeamCountry "SVK"]
[BlackTeamCountry "SVK"]

1. Nf3 Nf6 2. c4 g6 3. Nc3 d5 4. d4 Bg7 5. Qa4+ Bd7 6. Qb3 dxc4 7. Qxc4 0-0 8. Bf4 Na6 9. e4 c5 10. e5 Nh5 11. Be3 cxd4 12. Qxd4 Nc7 13. Be2 Ne6 14. Qb4 Bc6 15. Rd1 a5 16. Qc4 Qb8 17. Nd5 Bxd5 18. Rxd5 Qc8 19. 0-0 Qc6 20. Qxc6 bxc6 21. Rd7 Nhf4 22. Bc4 Rfd8 23. Rxe7 Nd5 24. Rb7 Nxe3 25. fxe3 Bh6 26. Kf2 Rab8 27. Rxb8 Rxb8 28. b3 Rd8 29. Ke2 Nc7 30. Nd4 Nd5 31. Nxc6 Nc3+ 32. Kf3 Rd2 33. Rf2 Rxf2+ 34. Kxf2 Nxa2 35. Nxa5 Nb4 36. Nb7 Bg7 37. Nd6 Bxe5 38. Nxf7 Bb8 39. h3 Kg7 40. Ng5 h6 41. Ne4 Ba7 42. Nc3 Kf6 43. Kf3 Ke5 44. Bf7 g5 45. Nb5 Bc5 46. Nd4 Kf6 47. Be8 Ke5 48. Bf7 Kf6 49. Bc4 h5 50. Ke4 h4 51. Ne6 Ba7 52. Kf3 Nc2 53. e4 Nd4+ 54. Nxd4 Bxd4 55. b4 Ke5 56. Bd5 Bc3 57. b5 Bd4 58. Kg4 Kf6 59. Bb3 Be3 60. Bc2 Bd4 61. Bb1 Be3 62. Kf3 Bb6 63. Ke2 Ke5 64. Kd3 Bf2 65. Kc4 Bb6 66. Bc2 Ba7 67. Kd3 Bb6 68. Bb3 Ba7 69. Bd5 Bb6 70. Bc6 Ba7 71. Ke2 Bd4 72. Kf3 Kf6 73. Kg4 Be3 74. Kh5 Bd4 75. Ba8 Be3 76. Bb7 Bd4 77. Bc6 Be3 78. Bd7 Ke5 79. Bf5 Kf6 80. Bg4 Bb6 81. e5+ Kxe5 82. Kxg5 Bf2 83. Bf3 Kd6 84. b6 Bg3 85. Kh5 Kd7 86. Be4 Kd6 87. Kg4 Ke5 88. Bd3 Kd6 89. Be4 Ke5 90. Bf3 Kd6 91. Kg5 Kd7 92. Bd5 Kd6 93. Be4 Ke5 94. Bc6 Kd6 95. Bf3 Kd7 96. Kf5 Bf2 97. Kg5 Bg3 98. Kf6 Bf2 99. g4 Bxb6 100. g5 Bd8+ 101. Kg6 Ke7 102. Bd5 Kf8 103. Kh5 Bxg5 104. Kxg5 1/2-1/2

[Event "SVK-chT2A 1213"]
[Site "Slovakia"]
[Date "2012.12.15"]
[Round "5.2"]
[White "Slacky, Stanislav"]
[Black "Csiba, Dominik"]
[Result "0-1"]
[WhiteElo "2198"]
[BlackElo "2376"]
[PlyCount "130"]
[EventDate "2012.10.13"]
[EventType "team-tourn"]
[EventRounds "11"]
[EventCountry "SVK"]
[SourceTitle "EXT 2015"]
[Source "ChessBase"]
[SourceDate "2014.11.20"]
[SourceVersion "1"]
[SourceVersionDate "2014.11.20"]
[SourceQuality "1"]
[WhiteTeam "Krasnany"]
[BlackTeam "Dunajska Streda II"]
[WhiteTeamCountry "SVK"]
[BlackTeamCountry "SVK"]

1. d4 Nf6 2. c4 g6 3. Nf3 Bg7 4. g3 c6 5. Bg2 d5 6. 0-0 0-0 7. Nc3 dxc4 8. e4 b5 9. Qc2 Na6 10. a4 Nb4 11. Qe2 Qb6 12. Be3 Ng4 13. Bg5 f6 14. Bd2 Nc2 15. Rac1 Nxd4 16. Nxd4 Qxd4 17. axb5 Ne5 18. Be3 Qd3 19. bxc6 Bg4 20. f3 Be6 21. f4 Qxe2 22. Nxe2 Nxc6 23. e5 Rac8 24. Bxc6 Rxc6 25. Nd4 Ra6 26. Nxe6 Rxe6 27. Rxc4 fxe5 28. Re4 a6 29. b4 Rff6 30. Re1 exf4 31. Bd4 Rxe4 32. Rxe4 Rf7 33. Bxg7 Kxg7 34. gxf4 Kf8 35. Kg2 Rf6 36. Kg3 Kf7 37. Re1 Rb6 38. Ra1 Kf6 39. Ra5 e6 40. Ra4 h6 41. Kf3 g5 42. fxg5+ hxg5 43. Ke4 Rc6 44. Kd4 Kf5 45. Ke3 e5 46. Ra5 g4 47. Ra1 Rc3+ 48. Kf2 Rh3 49. Rxa6 Rxh2+ 50. Kg3 Rb2 51. Rb6 Rb3+ 52. Kf2 Kf4 53. Rf6+ Ke4 54. Rg6 Rb2+ 55. Kg3 Kd3 56. Rd6+ Ke3 57. Kxg4 e4 58. Kg3 Ke2 59. Kg2 e3 60. Rd8 Rxb4 61. Rg8 Rb5 62. Rg7 Ke1 63. Rd7 e2 64. Rg7 Rd5 65. Re7 Kd1 0-1

[Event "SVK-chT 1213"]
[Site "Slovakia"]
[Date "2012.11.24"]
[Round "3.2"]
[White "Farkas, Gabor"]
[Black "Csiba, Dominik"]
[Result "0-1"]
[WhiteElo "2293"]
[BlackElo "2376"]
[PlyCount "72"]
[EventDate "2012.10.27"]
[EventType "team-tourn"]
[EventRounds "11"]
[EventCountry "SVK"]
[SourceTitle "EXT 2014"]
[Source "ChessBase"]
[SourceDate "2013.11.20"]
[SourceVersion "1"]
[SourceVersionDate "2013.11.20"]
[SourceQuality "1"]
[WhiteTeam "Cadca"]
[BlackTeam "Dunajska Streda"]
[WhiteTeamCountry "SVK"]
[BlackTeamCountry "SVK"]

1. e4 c5 2. Nf3 d6 3. d4 cxd4 4. Nxd4 Nf6 5. Nc3 a6 6. Be3 e5 7. Nb3 Be6 8. Be2 Be7 9. 0-0 0-0 10. a4 Nbd7 11. f3 Nb6 12. a5 Nc4 13. Bxc4 Bxc4 14. Rf2 h6 15. Rd2 Qc7 16. Na4 Nd7 17. Nb6 Nxb6 18. axb6 Qc8 19. Na5 Be6 20. Ra3 Qd7 21. c4 Qc8 22. Ra1 Rb8 23. Rc1 f5 24. exf5 Rxf5 25. b4 Qf8 26. c5 dxc5 27. bxc5 e4 28. fxe4 Bxc5 29. exf5 Bxe3+ 30. Kh1 Bxd2 31. Qxd2 Qxf5 32. h3 Bd5 33. Kg1 Re8 34. Rc7 Re5 35. Nxb7 Qb1+ 36. Kh2 Rg5 0-1

[Event "HUN-chT2 Charousek 1213"]
[Site "Hungary"]
[Date "2012.11.18"]
[Round "4"]
[White "Csiba, Dominik"]
[Black "Horvath, Adam"]
[Result "1/2-1/2"]
[WhiteElo "2376"]
[BlackElo "2495"]
[PlyCount "83"]
[EventDate "2012.09.16"]
[EventType "team-tourn"]
[EventRounds "11"]
[EventCountry "HUN"]
[SourceTitle "EXT 2014"]
[Source "ChessBase"]
[SourceDate "2013.11.20"]
[SourceVersion "1"]
[SourceVersionDate "2013.11.20"]
[SourceQuality "1"]
[WhiteTeam "Geniusz Tata"]
[BlackTeam "Csuti"]
[WhiteTeamCountry "HUN"]
[BlackTeamCountry "HUN"]

1. e4 c5 2. Nf3 e6 3. d4 cxd4 4. Nxd4 Nc6 5. Nc3 Qc7 6. Be3 a6 7. Qd2 Nf6 8. 0-0-0 Bb4 9. f3 Ne7 10. Nde2 b5 11. Kb1 Ba5 12. Bf4 e5 13. Bg5 h5 14. Qd6 Qxd6 15. Rxd6 Bc7 16. Rxf6 gxf6 17. Bxf6 Rh6 18. Bxe7 Kxe7 19. Nd5+ Kd8 20. Ng3 d6 21. Nf5 Bxf5 22. exf5 h4 23. Bd3 Kd7 24. Rd1 Rg8 25. Ne3 d5 26. Nxd5 Rxg2 27. Ne3 Rg5 28. Bxb5+ Kc8 29. Be2 h3 30. Ng4 Rd6 31. Kc1 Rxf5 32. Rxd6 Bxd6 33. Bxa6+ Kb8 34. Be2 Rg5 35. Kd2 Bc5 36. Ke1 Kc7 37. Bf1 e4 38. Ke2 f5 39. Ne3 Bxe3 40. Kxe3 f4+ 41. Kxe4 Rg2 42. Kxf4 1/2-1/2

[Event "HUN-chT2 Charousek 1213"]
[Site "Hungary"]
[Date "2012.11.04"]
[Round "3"]
[White "Vertetics, Attila"]
[Black "Csiba, Dominik"]
[Result "1/2-1/2"]
[WhiteElo "2409"]
[BlackElo "2376"]
[PlyCount "54"]
[EventDate "2012.09.16"]
[EventType "team-tourn"]
[EventRounds "11"]
[EventCountry "HUN"]
[SourceTitle "EXT 2014"]
[Source "ChessBase"]
[SourceDate "2013.11.20"]
[SourceVersion "1"]
[SourceVersionDate "2013.11.20"]
[SourceQuality "1"]
[WhiteTeam "Gyor"]
[BlackTeam "Geniusz Tata"]
[WhiteTeamCountry "HUN"]
[BlackTeamCountry "HUN"]

1. d4 Nf6 2. c4 g6 3. Nc3 d5 4. Nf3 Bg7 5. e3 0-0 6. Qb3 e6 7. Bd2 b6 8. Rc1 dxc4 9. Bxc4 Bb7 10. 0-0 Nbd7 11. Rfd1 c5 12. Be2 Qe7 13. Qa3 a6 14. Na4 Rfc8 15. Ne5 Bf8 16. Nxd7 Nxd7 17. f3 cxd4 18. Qxe7 Bxe7 19. exd4 b5 20. Nc3 f5 21. a3 Bf6 22. Be3 Nb6 23. Bf4 Nd5 24. Nxd5 Bxd5 25. Be5 Kf7 26. Bxf6 Kxf6 27. Rc5 Ke7 1/2-1/2

[Event "SVK-chT 1213"]
[Site "Slovakia"]
[Date "2012.10.27"]
[Round "1.3"]
[White "Tibensky, Robert"]
[Black "Csiba, Dominik"]
[Result "1-0"]
[WhiteElo "2396"]
[BlackElo "2376"]
[PlyCount "43"]
[EventDate "2012.10.27"]
[EventType "team-tourn"]
[EventRounds "11"]
[EventCountry "SVK"]
[SourceTitle "EXT 2013"]
[Source "ChessBase"]
[SourceDate "2012.11.22"]
[SourceVersion "1"]
[SourceVersionDate "2012.11.22"]
[SourceQuality "1"]
[WhiteTeam "Trencin"]
[BlackTeam "Dunajska Streda"]
[WhiteTeamCountry "SVK"]
[BlackTeamCountry "SVK"]

1. d4 Nf6 2. c4 g6 3. Nc3 d5 4. Nf3 Bg7 5. cxd5 Nxd5 6. e4 Nxc3 7. bxc3 c5 8. Be3 Qa5 9. Qd2 Nc6 10. Rb1 a6 11. Rc1 0-0 12. d5 Rd8 13. Be2 f5 14. 0-0 fxe4 15. Ng5 e6 16. d6 b6 17. Bc4 Be5 18. Nxe6 Rxd6 19. Nd8+ Kf8 20. Nxc6 Qa4 21. Bh6+ Ke8 22. Bf7+ 1-0

[Event "SVK-ch op-A"]
[Site "Banska Stiavnica"]
[Date "2012.07.10"]
[Round "4"]
[White "Hajek, Lukas"]
[Black "Csiba, Dominik"]
[Result "0-1"]
[WhiteElo "2087"]
[BlackElo "2370"]
[PlyCount "104"]
[EventDate "2012.07.07"]
[EventType "swiss"]
[EventRounds "9"]
[EventCountry "SVK"]
[SourceTitle "CBM 149 Extra"]
[Source "ChessBase"]
[SourceDate "2012.08.24"]
[SourceVersion "1"]
[SourceVersionDate "2012.08.24"]
[SourceQuality "1"]

1. d4 Nf6 2. c4 g6 3. Nc3 d5 4. cxd5 Nxd5 5. Bd2 Bg7 6. e4 Nxc3 7. Bxc3 0-0 8. Nf3 Bg4 9. Be2 c5 10. d5 e6 11. Qb3 Bxc3+ 12. bxc3 exd5 13. Qxb7 dxe4 14. Qxe4 Bxf3 15. Qxf3 Nd7 16. Rd1 Ne5 17. Qf4 Qc7 18. 0-0 Rfe8 19. Rfe1 Re7 20. Rd5 Rae8 21. Red1 Qa5 22. Qd2 Kg7 23. f4 Nc6 24. Bf3 Re6 25. g3 Ne7 26. Rd7 h5 27. Re1 Nf5 28. Rxe6 Rxe6 29. Bd5 Re7 30. Rxe7 Nxe7 31. Be4 Qa4 32. Qe2 Qd7 33. Kf2 Ng8 34. Bf3 Nf6 35. Qe3 Qb5 36. Qe2 Qb1 37. Qd2 a5 38. Kg2 a4 39. Bd1 a3 40. Qc2 Qb7+ 41. Kg1 Qd5 42. Qe2 c4 43. Bc2 Qc5+ 44. Kg2 Qc6+ 45. Kg1 Qb6+ 46. Kf1 Ng4 47. Qd2 Qb2 48. Ke2 Qxa2 49. f5 Qb2 50. fxg6 Qb6 51. Kf3 a2 52. Qc1 Qe3+ 0-1